000 00485nam a2200181Ia 4500
003 OSt
005 20250809111734.0
008 250729s2005 xx 000 0 und d
040 _cAL
041 _aeng
082 _a370 AGGD
100 _aಕೊಂಗವಾಡ ಎನ್ ಬಿ
_9221182
245 _aಶೈಕ್ಷಣಿಕ ಮನೋವಿಜ್ಞಾನ
260 _aNew Delhi
_bVikas Publishing
_c2005
300 _a560p
650 _aEducation
_9221183
942 _2ddc
_cBED
999 _c234892
_d234892